Statistics for Pixelated Europe Map in 60 Seconds

Click here to take the quiz!

General Stats

  • This quiz has been taken 2,686 times
  • The average score is 247 of 279

Answers on the Map

Answers color-coded by a green-red scale on the quiz's map according to % correct below.
 

Answer Stats

Country% Correct
United Kingdom
98%
France
97%
Ukraine / Russia
97%
Russia
96%
Germany
95%
Norway
95%
Spain
95%
Sweden
95%
Ireland
93%
Italy
93%
Iceland
92%
Finland
91%
Portugal
89%
Ukraine
85%
Greece
84%
Poland
84%
Denmark
78%
Belarus
77%
Netherlands
74%
Belgium
72%
Estonia
72%
Romania
72%
Latvia
71%
Lithuania
68%
Switzerland
61%
Bulgaria
60%
Serbia
59%
Austria
58%
Hungary
58%
Czechia
54%
Croatia
52%
Slovakia
50%
Bosnia and Herzegovina
48%
Slovenia
45%
Moldova
44%
Kosovo
34%
Montenegro
33%

Score Distribution

Percentile by Number Answered

Percent of People with Each Score

Your Score History

You have not taken this quiz